Χρώματα του Ουράνιου Τόξου - Statistics

General Stats
  • This quiz has been taken 44 times
  • The average score is 5 of 7
Answer Stats
Χρώμα % Correct
Κόκκινο
100%
Πορτοκαλί
94%
Κίτρινο
90%
Πράσινο
90%
Μπλε
90%
Λουλάκι
10%
Βιολετί
6%
No matching quizzes found
Score Distribution
Percent of People with Each Score
Percentile by Number Answered
Your Score History
You have not taken this quiz